<?xml version="1.0" encoding="UTF-8"?>
<marc:record xmlns:marc="http://www.loc.gov/MARC21/slim">
   <marc:leader>00000nam a2200000 a 4500</marc:leader>
   <marc:datafield ind1="0" ind2="0" tag="245">
      <marc:subfield code="a">Rätselhafte Phänomene</marc:subfield>
   </marc:datafield>
   <marc:datafield ind1="0" ind2="0" tag="245">
      <marc:subfield code="b">Wie uns unser Gehirn täuscht</marc:subfield>
   </marc:datafield>
   <marc:datafield ind1=" " ind2="1" tag="264">
      <marc:subfield code="a">Hamburg</marc:subfield>
      <marc:subfield code="b">Tessloff Verlag</marc:subfield>
      <marc:subfield code="c">2010</marc:subfield>
   </marc:datafield>
   <marc:datafield ind1="1" ind2=" " tag="490">
      <marc:subfield code="a">Was ist was</marc:subfield>
   </marc:datafield>
   <marc:datafield ind1="1" ind2=" " tag="520">
      <marc:subfield code="a">Der Mensch traut seinen fünf Sinnen und seinem Verstand. Doch wir lassen uns überraschend leicht täuschen und sitzen nur allzu leicht Illusionen auf. Und wer empfänglich ist für Hypnose, für den kann ein Schokokuss sogar sauer wie eine Zitrone schmecken. Viele Menschen glauben an übersinnliche Phänomene, die sie mit ihrem "sechsten Sinn" wahrnehmen. Doch können wir wirklich mit Geistern Kontakt aufnehmen? WAS IST WAS zeigt, dass sich für viele unglaubliche Spukgeschichten eine natürliche Erklärung finden lässt. Auch viele UFO-Sichtungen und der Besuch von außerirdischen Lebewesen auf der Erde haben sich immer wieder als Täuschung herausgestellt.</marc:subfield>
   </marc:datafield>
   <marc:datafield ind1="3" ind2=" " tag="024">
      <marc:subfield code="a">5050582699104</marc:subfield>
   </marc:datafield>
   <marc:datafield ind1="0" ind2=" " tag="490">
      <marc:subfield code="v">0</marc:subfield>
   </marc:datafield>
</marc:record>
